Verejné prostriedky a podnikateľ

Podnikateľ - charakteristika. Verejné prostriedky, druhy verejných prostriedkov. Nenávratná pomoc a štátna pomoc. Verejné prostriedky mimo sektora verejnej správy (VS). Finančná disciplína a podnikateľ. Použitie verejných prostriedkov. Príklady porušenia finančnej disciplíny podnikateľom. Pokuty.

Saved in:
Bibliographic Details
Main Author: Konvalinková, Iveta
Format: Book Chapter
Language:Slovak
Subjects:
Tags: Add Tag
No Tags, Be the first to tag this record!

MARC

LEADER 00000naa a2200000 4500
001 0117421
005 20231120114706.4
041 0 |a slo 
044 |a SK 
245 1 0 |a Verejné prostriedky a podnikateľ  |c Iveta Konvalinková 
520 |a Podnikateľ - charakteristika. Verejné prostriedky, druhy verejných prostriedkov. Nenávratná pomoc a štátna pomoc. Verejné prostriedky mimo sektora verejnej správy (VS). Finančná disciplína a podnikateľ. Použitie verejných prostriedkov. Príklady porušenia finančnej disciplíny podnikateľom. Pokuty. 
610 2 0 |a prostriedky peňažné 
610 2 0 |a správa verejná 
610 2 0 |a pravidlá rozpočtové 
610 2 0 |a podnikatelia 
610 2 0 |a disciplína finančná 
610 2 0 |a pomoc finančná 
610 2 0 |a pomoc štátna 
610 2 0 |a pokuty 
100 1 |a Konvalinková, Iveta